[Event "GER-ch 89th"]
[Site "Dresden"]
[Date "2018.08.07"]
[Round "5"]
[White "Heinert, Eugen"]
[Black "Svane, Frederik"]
[Result "0-1"]
[WhiteElo "2146"]
[BlackElo "2292"]
[EventDate "2018.08.03"]
[PlyCount "102"]

1. d4 Nf6 2. Nf3 e6 3. Bg5 h6 4. Bh4 b6 5. e3 Bb7 6. Bd3 Be7 7. Nbd2 d5 8. c3 O-O 9. Qb1 c5 10. h3 Nc6 11. g4 Qc7 12. Rg1 cxd4 13. exd4 e5 14. dxe5 Nxe5 15. Qc2 Ne4 16. g5 Nxf3+ 17. Nxf3 hxg5 18. Bxe4 dxe4 19. Bg3 Qc4 20. Ne5 Qe6 21. O-O-O Rad8 22. Qa4 a6 23. Nd7 Rfe8 24. Ne5 Bc5 25. Rd7 b5 26. Qd1 Rxd7 27. Qxd7 Qxd7 28. Nxd7 Ba7 29. Rd1 f6 30. Kc2 Kf7 31. Rd2 Re7 32. b4 e3 33. fxe3 Bxe3 34. Re2 Be4+ 35. Kb2 Rxd7 36. Rxe3 f5 37. Be1 Rd1 38. a4 Rb1+ 39. Ka2 Rd1 40. c4 bxc4 41. Bc3 g6 42. Ka3 Rd5 43. Be1 Bd3 44. h4 g4 45. Bg3 c3 46. Be5 c2 47. Kb2 Be4 48. Bf4 Rd4 49. Rb3 Bd5 50. Be3 Bxb3 51. Bxd4 Bxa4 0-1

[Event "GER-ch 89th"]
[Site "Dresden"]
[Date "2018.08.07"]
[Round "5"]
[White "Miller, Eduard"]
[Black "Kvetny, Mark"]
[Result "1/2-1/2"]
[WhiteElo "2309"]
[BlackElo "2421"]
[EventDate "2018.08.03"]
[PlyCount "143"]

1. Nf3 d5 2. g3 Bg4 3. Bg2 e6 4. O-O Nf6 5. d4 Be7 6. c4 c6 7. Nc3 O-O 8. Ne5 Bf5 9. f3 c5 10. cxd5 cxd4 11. Qxd4 exd5 12. e4 dxe4 13. Qxd8 Rxd8 14. fxe4 Be6 15. Bf4 Na6 16. Rad1 Rac8 17. Bf3 Bc5+ 18. Kg2 Bb4 19. a3 Bxc3 20. Rxd8+ Rxd8 21. bxc3 Rc8 22. Bd2 Nc5 23. Re1 h6 24. Re3 Ne8 25. Nd3 Nd6 26. Nxc5 Rxc5 27. Be2 Bc4 28. Kf2 f6 29. Bf3 Ra5 30. Bc1 Kf7 31. Re1 Be6 32. Bd1 Rc5 33. Bb2 Nc4 34. Bc1 Ne5 35. Re3 Bc4 36. Ke1 Rb5 37. Kd2 Rb6 38. a4 Rd6+ 39. Kc2 Bd3+ 40. Kb3 Bc4+ 41. Kc2 Bd3+ 42. Kb3 Bxe4 43. Rxe4 Rxd1 44. Bf4 Ke6 45. Kc2 Rh1 46. h4 Kf5 47. Rb4 b6 48. a5 bxa5 49. Rb7 g5 50. hxg5 hxg5 51. Bxe5 fxe5 52. c4 Rh2+ 53. Kc3 Rh3 54. Rxa7 Rxg3+ 55. Kd2 Ra3 56. c5 Ke6 57. c6 Kd6 58. c7 Kd7 59. c8=Q+ Kxc8 60. Rg7 Rg3 61. Ra7 a4 62. Rxa4 Kd7 63. Ra6 Ke7 64. Ke2 Kf7 65. Kf2 Rb3 66. Rc6 e4 67. Ke2 Rf3 68. Rc4 Kg6 69. Rxe4 Rf8 70. Rg4 Kh5 71. Rg1 g4 72. Rf1 1/2-1/2

[Event "GER-ch 89th"]
[Site "Dresden"]
[Date "2018.08.07"]
[Round "5"]
[White "Mueller, Nick"]
[Black "Langrock, Hannes"]
[Result "0-1"]
[WhiteElo "2313"]
[BlackElo "2370"]
[EventDate "2018.08.03"]
[PlyCount "90"]

1. e4 e6 2. d4 d5 3. Nd2 c5 4. exd5 Qxd5 5. Ngf3 cxd4 6. Bc4 Qd6 7. O-O Nf6 8. Nb3 Nc6 9. Nfxd4 Nxd4 10. Nxd4 a6 11. Re1 Qc7 12. Bf1 Bd6 13. Nf5 Bxh2+ 14. Kh1 Kf8 15. Qd4 exf5 16. Qxf6 h6 17. Qd4 Bd6 18. Bc4 Bd7 19. Bd2 Qc5 20. Qd3 Kg8 21. Bc3 Be8 22. Bb3 Bc7 23. Kg1 h5 24. Qd5 Qxd5 25. Bxd5 Bc6 26. Bxc6 bxc6 27. Re7 Bd8 28. Rd7 Rh6 29. Re1 Bf6 30. Bd2 Rg6 31. b4 Bg5 32. f4 Bf6 33. Kh2 h4 34. Re2 Rg3 35. Be1 Ra3 36. Rc7 Rxa2 37. Rxc6 Rd8 38. Rd2 Re8 39. c3 Ra3 40. Rd1 Re2 41. Bd2 Ra2 42. c4 Bc3 43. Rxa6 Rb2 44. Ra8+ Kh7 45. Re8 Bxd2 0-1

[Event "GER-ch 89th"]
[Site "Dresden"]
[Date "2018.08.07"]
[Round "5"]
[White "Plassmann, Dominik"]
[Black "Heimrath, Reiner"]
[Result "0-1"]
[WhiteElo "2186"]
[BlackElo "2200"]
[EventDate "2018.08.03"]
[PlyCount "58"]

1. d4 g6 2. c4 Bg7 3. Nc3 Nf6 4. e4 d6 5. Nf3 O-O 6. Be2 Nbd7 7. O-O e5 8. Qc2 h6 9. h3 c6 10. Be3 Qe7 11. Rad1 Ne8 12. d5 c5 13. Ne1 f5 14. f4 exf4 15. Bxf4 g5 16. Bc1 f4 17. Nf3 Nef6 18. Rfe1 Ne5 19. Nxe5 Qxe5 20. Bd2 g4 21. Bf1 Nh5 22. Nb5 f3 23. Bc3 Qg5 24. gxf3 gxf3+ 25. Kf2 Qg3+ 26. Ke3 f2+ 27. Kd2 fxe1=Q+ 28. Rxe1 Rxf1 29. Rxf1 Qg2+ 0-1

[Event "GER-ch 89th"]
[Site "Dresden"]
[Date "2018.08.07"]
[Round "5"]
[White "Proschmann, Tino"]
[Black "Rehberg, Raphael"]
[Result "1-0"]
[WhiteElo "2092"]
[BlackElo "2234"]
[EventDate "2018.08.03"]
[PlyCount "61"]

1. e4 c5 2. Nf3 e6 3. d4 cxd4 4. Nxd4 a6 5. Be2 Nf6 6. Nc3 Qc7 7. O-O d6 8. f4 Nbd7 9. Bf3 g6 10. a4 Bg7 11. Kh1 O-O 12. g4 e5 13. Nde2 exf4 14. g5 Ne8 15. Nxf4 Ne5 16. Ncd5 Qd8 17. Bg2 Bg4 18. Qe1 f6 19. Nh3 Nc7 20. gxf6 Bxf6 21. Nxf6+ Rxf6 22. Rxf6 Qxf6 23. Bg5 Qg7 24. Qh4 Qd7 25. Rf1 Ne6 26. Bf6 Rf8 27. Bxe5 Rxf1+ 28. Bxf1 Bf3+ 29. Kg1 dxe5 30. Qf6 Nf4 31. Bc4+ 1-0

[Event "GER-ch 89th"]
[Site "Dresden"]
[Date "2018.08.07"]
[Round "5"]
[White "Zude, Arno"]
[Black "Syrov, Arkadi"]
[Result "1-0"]
[WhiteElo "2373"]
[BlackElo "2295"]
[EventDate "2018.08.03"]
[PlyCount "97"]

1. e4 c5 2. Nf3 d6 3. d4 cxd4 4. Nxd4 Nf6 5. Nc3 a6 6. f3 e5 7. Nb3 Be6 8. Be3 Nbd7 9. Qd2 h5 10. Be2 Qc7 11. O-O Rc8 12. Nd5 Bxd5 13. exd5 g6 14. c4 b6 15. Rac1 Bg7 16. Na1 a5 17. Nc2 O-O 18. Na3 Nc5 19. Nb5 Qd7 20. b3 Nh7 21. Bd1 f5 22. Bc2 Nf6 23. a3 Kh7 24. b4 axb4 25. axb4 Na6 26. Ba4 Rb8 27. Nc3 Qf7 28. Bb5 Nc7 29. Bc6 f4 30. Bf2 e4 31. Nxe4 Nxe4 32. fxe4 Ne8 33. Bd4 Bh6 34. Qd3 Qe7 35. Rce1 Nf6 36. e5 dxe5 37. Bxe5 Qxb4 38. Bxb8 Rxb8 39. Re6 Rf8 40. h3 Bg5 41. Qd4 h4 42. Re5 Kh6 43. Rxg5 Kxg5 44. Qxf4+ Kh5 45. Qe5+ Kh6 46. Rxf6 Rxf6 47. Qxf6 Qe1+ 48. Qf1 Qe3+ 49. Kh1 1-0

[Event "GER-ch 89th"]
[Site "Dresden"]
[Date "2018.08.09"]
[Round "7"]
[White "Brustkern, Juergen"]
[Black "Syrov, Arkadi"]
[Result "0-1"]
[WhiteElo "2219"]
[BlackElo "2295"]
[EventDate "2018.08.03"]
[PlyCount "150"]

1. d4 Nf6 2. Bg5 d5 3. Nc3 c5 4. e3 Nc6 5. Bb5 e6 6. Nf3 Bd7 7. O-O cxd4 8. exd4 Bd6 9. Re1 Ne7 10. Ne5 Bxb5 11. Nxb5 Bb8 12. Qf3 Bxe5 13. dxe5 Ne4 14. Rxe4 dxe4 15. Qa3 Qd7 16. Nd6+ Kf8 17. Nxe4 h6 18. Bh4 g5 19. Bg3 Kg7 20. h4 Nf5 21. Qf3 Rad8 22. Re1 Qd5 23. b3 Qa5 24. Ra1 Rd4 25. Nd6 Qd5 26. Nxf5+ exf5 27. Qxf5 Qe6 28. Qf3 Rhd8 29. Re1 Qc6 30. Qh5 Qg6 31. Qf3 Qc6 32. Qh5 Qg6 33. Qf3 gxh4 34. Bf4 h3 35. g3 Qc6 36. Qg4+ Kh7 37. Qxh3 Rd1 38. Qf5+ Qg6 39. Qxg6+ Kxg6 40. Kf1 h5 41. Rxd1 Rxd1+ 42. Ke2 Ra1 43. a4 a6 44. Bd2 Kf5 45. Bc3 Rc1 46. Kd2 Rh1 47. Ke3 Rd1 48. a5 Rc1 49. Kd2 Rh1 50. Ke3 h4 51. gxh4 Rxh4 52. Bd4 Rh3+ 53. f3 Rh2 54. c3 Rb2 55. b4 Rb1 56. Kd3 Rf1 57. Ke2 Rh1 58. Kd3 Rh3 59. Ke3 Rh6 60. Kd3 Rh3 61. Ke3 Rh6 62. Kd3 Rc6 63. Ke3 Rc8 64. f4 Rc7 65. Kf3 Rc6 66. Bc5 Rh6 67. Bf2 Rh8 68. Bg3 Rc8 69. Be1 Rc6 70. Bd2 Rc4 71. Kg3 Ke4 72. Kg4 Rc6 73. f5 Kxe5 74. Kg5 Rc4 75. Be1 f6+ 0-1

[Event "GER-ch 89th"]
[Site "Dresden"]
[Date "2018.08.09"]
[Round "7"]
[White "Faerber, David"]
[Black "Adiyaman, Rene"]
[Result "0-1"]
[WhiteElo "2321"]
[BlackElo "2097"]
[EventDate "2018.08.03"]
[PlyCount "106"]

1. e4 e5 2. Nf3 Nc6 3. Bb5 Nf6 4. d3 Bc5 5. c3 O-O 6. O-O d6 7. Nbd2 Qe7 8. h3 a6 9. Ba4 Ba7 10. Re1 Nh5 11. d4 Qf6 12. Nf1 exd4 13. Bxc6 dxc3 14. e5 dxe5 15. Be4 cxb2 16. Bxb2 Bxf2+ 17. Kxf2 Qb6+ 18. Bd4 exd4 19. Qxd4 c5 20. Qe3 Nf6 21. N1d2 Re8 22. Rac1 Bf5 23. Qf4 Bxe4 24. Nxe4 c4+ 25. Kf1 Nd5 26. Qd2 Rad8 27. Qf2 Qxf2+ 28. Nxf2 b5 29. Rxe8+ Rxe8 30. Nd1 Rc8 31. Nc3 Nf4 32. a3 Kf8 33. Rb1 Nd3 34. Ne1 Nc5 35. a4 Nb3 36. Ke2 h5 37. Nd5 Re8+ 38. Kf2 a5 39. Nf3 Nc5 40. Ne3 c3 41. Nd4 Ne4+ 42. Ke2 Nd2 43. Re1 Nc4 44. Kd3 Nb2+ 45. Kc2 Nxa4 46. Nb3 Re5 47. Ra1 Nb2 48. Re1 a4 49. Nc1 Nc4 50. Kd3 Rxe3+ 51. Rxe3 Nxe3 52. Kxe3 b4 53. Ne2 a3 0-1

[Event "GER-ch 89th"]
[Site "Dresden"]
[Date "2018.08.09"]
[Round "7"]
[White "Gaede, Derek"]
[Black "Heimrath, Reiner"]
[Result "1/2-1/2"]
[WhiteElo "2298"]
[BlackElo "2200"]
[EventDate "2018.08.03"]
[PlyCount "142"]

1. d4 Nf6 2. Nf3 g6 3. c4 Bg7 4. Nc3 O-O 5. e4 d6 6. h3 Nbd7 7. Bg5 h6 8. Be3 e5 9. d5 Nc5 10. Nd2 a5 11. Be2 Bd7 12. g4 c6 13. h4 cxd5 14. cxd5 Ne8 15. h5 a4 16. g5 hxg5 17. Rg1 g4 18. hxg6 fxg6 19. Bxg4 Nd3+ 20. Ke2 Nf4+ 21. Bxf4 exf4 22. Bxd7 f3+ 23. Nxf3 Qxd7 24. Qd3 Qf7 25. Rg2 a3 26. b3 Rc8 27. e5 Qxf3+ 28. Qxf3 Rxf3 29. Kxf3 Rxc3+ 30. Ke2 Bxe5 31. Rxg6+ Kf7 32. Rgg1 Rc2+ 33. Kd3 Rc5 34. Rad1 Nf6 35. Rh1 b5 36. Rc1 Rxd5+ 37. Ke2 b4 38. Rhd1 Rb5 39. Rc4 Ke6 40. f4 Bc3 41. Rc6 Rd5 42. f5+ Ke5 43. Rxd5+ Kxd5 44. Rc8 Ke5 45. Rd8 d5 46. Kd3 Kxf5 47. Rh8 Ke5 48. Rd8 Ke6 49. Rc8 Kd7 50. Ra8 Ne4 51. Ra5 Kc6 52. Ra6+ Kb5 53. Rh6 Nc5+ 54. Kc2 d4 55. Rd6 d3+ 56. Rxd3 Kc6 57. Rd8 Be5 58. Rc8+ Kd5 59. Rxc5+ Kxc5 60. Kb1 Bf6 61. Kc2 Kd4 62. Kb1 Kd3 63. Kc1 Bg5+ 64. Kb1 Kd2 65. Ka1 Kc3 66. Kb1 Bf6 67. Kc1 Be5 68. Kb1 Bf4 69. Ka1 Kd3 70. Kb1 Kd2 71. Ka1 Kc1 1/2-1/2

[Event "GER-ch 89th"]
[Site "Dresden"]
[Date "2018.08.09"]
[Round "7"]
[White "Heinert, Eugen"]
[Black "Rehberg, Raphael"]
[Result "0-1"]
[WhiteElo "2146"]
[BlackElo "2234"]
[EventDate "2018.08.03"]
[PlyCount "122"]

1. d4 d5 2. Bf4 Nf6 3. e3 c5 4. dxc5 e6 5. b4 a5 6. c3 Bd7 7. Qb3 axb4 8. cxb4 b6 9. Bd6 Ba4 10. Qb2 Bxd6 11. cxd6 Qxd6 12. Nc3 O-O 13. Nf3 e5 14. a3 Bc6 15. Nb5 Bxb5 16. Bxb5 Nbd7 17. h3 Rfc8 18. O-O Ra7 19. Rac1 Rac7 20. Ba6 Rxc1 21. Rxc1 Rc7 22. Rc2 g6 23. Qc1 Rxc2 24. Qxc2 d4 25. e4 Kf8 26. Bb5 Ke7 27. Kf1 Ne8 28. Qc6 f6 29. Ke2 Nc7 30. Qxd6+ Kxd6 31. Bc4 Kc6 32. Nd2 Nb5 33. Nb1 Nd6 34. Bd5+ Kc7 35. a4 Nb8 36. Na3 Na6 37. Nc2 Kd7 38. Kd3 Nc7 39. Bg8 h6 40. g3 b5 41. a5 Nc8 42. Bf7 Ne7 43. f4 g5 44. fxg5 fxg5 45. Ke2 Nc6 46. Bb3 Na6 47. Na3 Naxb4 48. Nxb5 Nxa5 49. Bg8 Nb7 50. Kf3 Nd6 51. Na3 Kc6 52. Be6 Kc5 53. Nb1 d3 54. Ke3 Nc4+ 55. Bxc4 Kxc4 56. Nd2+ Kc3 57. Nb1+ Kb2 58. Nd2 Kc2 59. Nf3 Kc3 60. g4 Nc2+ 61. Kf2 Nd4 0-1

[Event "GER-ch 89th"]
[Site "Dresden"]
[Date "2018.08.09"]
[Round "7"]
[White "Kvetny, Mark"]
[Black "Svane, Frederik"]
[Result "1/2-1/2"]
[WhiteElo "2421"]
[BlackElo "2292"]
[EventDate "2018.08.03"]
[PlyCount "132"]

1. Nf3 c5 2. c4 Nf6 3. d4 cxd4 4. Nxd4 b6 5. Nc3 Bb7 6. f3 d6 7. e4 e6 8. Be3 Be7 9. Qd2 a6 10. Be2 Qc7 11. O-O-O O-O 12. Kb1 Nc6 13. g4 Nxd4 14. Bxd4 Bc6 15. g5 Nd7 16. h4 b5 17. Rdg1 Ne5 18. h5 Nxc4 19. Bxc4 bxc4 20. g6 e5 21. Be3 Bf6 22. Bh6 Qe7 23. Rh3 fxg6 24. hxg6 hxg6 25. Rxg6 Kf7 26. Rhg3 gxh6 27. Nd5 Bxd5 28. Qxd5+ Qe6 29. Qb7+ Qe7 30. Rg7+ Bxg7 31. Rxg7+ Kxg7 32. Qxe7+ Rf7 33. Qxd6 Re8 34. Qxa6 Rxf3 35. Qxc4 Rf7 36. Qe2 Ref8 37. a4 Kh7 38. a5 Ra8 39. Qb5 Re7 40. b4 h5 41. Qe2 Rb8 42. b5 Kg6 43. Qg2+ Kf6 44. Qf3+ Ke6 45. b6 Ree8 46. Qxh5 Kd6 47. Qd1+ Kc5 48. Qb3 Ra8 49. Qd5+ Kb4 50. Kc2 Rac8+ 51. Kb2 Rg8 52. Qd2+ Kb5 53. b7 Rb8 54. Kc3 Kxa5 55. Kc4+ Kb6 56. Qb4+ Kc7 57. Qe7+ Kc6 58. Qxe5 Kxb7 59. Qb5+ Kc7 60. Qc5+ Kd7 61. Kd5 Rg6 62. e5 Rbb6 63. Qa5 Kd8 64. Qa8+ Kd7 65. Qa7+ Kd8 66. Qa8+ Kd7 1/2-1/2

[Event "GER-ch 89th"]
[Site "Dresden"]
[Date "2018.08.09"]
[Round "7"]
[White "Plassmann, Dominik"]
[Black "Proschmann, Tino"]
[Result "1-0"]
[WhiteElo "2186"]
[BlackElo "2092"]
[EventDate "2018.08.03"]
[PlyCount "71"]

1. e4 c5 2. Nf3 Nc6 3. d4 cxd4 4. c3 dxc3 5. Nxc3 e6 6. Bc4 a6 7. O-O Nge7 8. Bg5 h6 9. Be3 b5 10. Bb3 Bb7 11. Nd5 exd5 12. exd5 Na5 13. d6 Nxb3 14. Qxb3 Qb8 15. Bc5 Bd5 16. Qe3 Be6 17. dxe7 Bxe7 18. Bxe7 Kxe7 19. Nd4 Rc8 20. f4 Kf8 21. f5 Bc4 22. f6 Qb6 23. fxg7+ Kg8 24. Rf4 Re8 25. Qh3 Re7 26. b3 Bd5 27. Kh1 Rae8 28. Raf1 Re1 29. Nf5 R8e6 30. Qc3 Rxf1+ 31. Rxf1 Bxg2+ 32. Kxg2 Re2+ 33. Kh1 Qc6+ 34. Qxc6 dxc6 35. Rd1 Re8 36. Rd6 1-0

[Event "GER-ch 89th"]
[Site "Dresden"]
[Date "2018.08.09"]
[Round "7"]
[White "Poetsch, Hagen"]
[Black "Buhmann, Rainer"]
[Result "1/2-1/2"]
[WhiteElo "2513"]
[BlackElo "2581"]
[EventDate "2018.08.03"]
[PlyCount "82"]

1. e4 e5 2. Nf3 Nc6 3. Bc4 Nf6 4. Ng5 d5 5. exd5 Na5 6. Bb5+ c6 7. dxc6 bxc6 8. Bd3 Nd5 9. h4 Bc5 10. Qf3 f5 11. Nc3 O-O 12. Nxd5 Qxd5 13. Qxd5+ cxd5 14. c3 e4 15. Be2 Nc4 16. d4 exd3 17. Bxd3 Re8+ 18. Kf1 a5 19. b3 Ne5 20. Bb5 Ng4 21. Nh3 Ba6 22. Bxa6 Rxa6 23. Bd2 d4 24. cxd4 Bxd4 25. Re1 Rc8 26. f3 Nf6 27. Rc1 Rd8 28. Nf4 Be5 29. Be3 Bxf4 30. Bxf4 Nh5 31. g3 a4 32. Rh2 Nxf4 33. gxf4 axb3 34. axb3 Rd3 35. Rf2 Rxb3 36. Rc5 Rb1+ 37. Kg2 Rg6+ 38. Kh2 Rh6 39. Rc8+ Kf7 40. Rc7+ Ke6 41. Rc6+ Kf7 1/2-1/2

[Event "GER-ch 89th"]
[Site "Dresden"]
[Date "2018.08.09"]
[Round "7"]
[White "Reuker, Jari"]
[Black "Langrock, Hannes"]
[Result "1/2-1/2"]
[WhiteElo "2404"]
[BlackElo "2370"]
[EventDate "2018.08.03"]
[PlyCount "63"]

1. d4 Nf6 2. c4 e6 3. Nc3 Bb4 4. Nf3 O-O 5. Bg5 c5 6. e3 cxd4 7. exd4 d5 8. Rc1 Nc6 9. a3 Be7 10. c5 Ne4 11. Bxe7 Qxe7 12. Bd3 Nxc3 13. Rxc3 e5 14. dxe5 d4 15. Rc1 Bg4 16. O-O Nxe5 17. Be4 Qf6 18. h3 Bxf3 19. Bxf3 Nxf3+ 20. Qxf3 Qxf3 21. gxf3 Rfd8 22. Rfd1 Rd5 23. Rd3 Rc8 24. Rc4 Kf8 25. b4 Rcd8 26. Kg2 Ke7 27. f4 Ke6 28. Kf3 Rh5 29. Kg4 Rhd5 30. Kf3 Rh5 31. Kg4 Rhd5 32. Kf3 1/2-1/2

[Event "GER-ch 89th"]
[Site "Dresden"]
[Date "2018.08.09"]
[Round "7"]
[White "Zude, Arno"]
[Black "Fischer, Sebastian"]
[Result "1/2-1/2"]
[WhiteElo "2373"]
[BlackElo "2292"]
[EventDate "2018.08.03"]
[PlyCount "97"]

1. e4 d5 2. exd5 Qxd5 3. Nc3 Qa5 4. d4 Nf6 5. Bd2 Bg4 6. f3 Bd7 7. Bc4 Qb6 8. Nge2 e6 9. O-O Be7 10. a4 a5 11. Be3 O-O 12. Bf2 Na6 13. Qd2 Rad8 14. Nf4 Nb4 15. Qe2 Qd6 16. Nd3 Nxd3 17. Bxd3 Bc6 18. Nb5 Qd7 19. c3 b6 20. Rad1 Bb7 21. c4 Rfe8 22. Bc2 c6 23. Nc3 Ba6 24. b3 g6 25. Ne4 Nd5 26. Qd2 Nb4 27. Bb1 f5 28. Nc3 Bf6 29. Qf4 Qg7 30. Qe3 Bc8 31. Ne2 Na6 32. Bg3 c5 33. Be5 g5 34. Bxf6 Qxf6 35. Qe5 Kf7 36. f4 Qxe5 37. dxe5 gxf4 38. Nxf4 Rd4 39. Ne2 Rdd8 40. Nc3 Ke7 41. Nb5 Nb4 42. Rd6 Rxd6 43. Nxd6 Rg8 44. Be4 fxe4 45. Rf7+ Kd8 46. Ra7 Nc6 47. Nf7+ Ke8 48. Nd6+ Kd8 49. Nf7+ 1/2-1/2

[Event "GER-ch 89th"]
[Site "Dresden"]
[Date "2018.08.10"]
[Round "8"]
[White "Buhmann, Rainer"]
[Black "Miller, Eduard"]
[Result "1-0"]
[WhiteElo "2581"]
[BlackElo "2309"]
[EventDate "2018.08.03"]
[PlyCount "67"]

1. d4 Nf6 2. c4 e6 3. Nf3 d5 4. Nc3 dxc4 5. e4 Bb4 6. Bg5 c5 7. Bxc4 cxd4 8. Nxd4 Qa5 9. Bd2 Qc5 10. Bb5+ Bd7 11. Nb3 Qb6 12. Bd3 O-O 13. O-O Nc6 14. Be3 Qc7 15. Rc1 Rfd8 16. Qe2 Rac8 17. Bb1 Qb8 18. f4 e5 19. Nd5 Nxd5 20. exd5 Ne7 21. Qf3 f5 22. fxe5 Qxe5 23. Bxa7 Bd6 24. g3 Rxc1 25. Rxc1 Qxd5 26. Qxd5+ Nxd5 27. Rd1 Bc6 28. Bxf5 Re8 29. Bd3 Kf8 30. Bc4 Re5 31. Bd4 Rh5 32. Bf2 Ne3 33. Bxe3 Bxg3 34. Rf1+ 1-0

[Event "GER-ch 89th"]
[Site "Dresden"]
[Date "2018.08.10"]
[Round "8"]
[White "Gungl, Theo"]
[Black "Adiyaman, Rene"]
[Result "1-0"]
[WhiteElo "2283"]
[BlackElo "2097"]
[EventDate "2018.08.03"]
[PlyCount "123"]

1. e4 e5 2. Nf3 Nc6 3. Bb5 Nf6 4. O-O Nxe4 5. d4 Be7 6. dxe5 O-O 7. Be3 d5 8. exd6 Bxd6 9. Bxc6 bxc6 10. Qd4 Re8 11. Nc3 Bf5 12. Rad1 Rb8 13. Nxe4 Rxe4 14. Qc3 Qf6 15. Qxf6 gxf6 16. Nd4 Bd7 17. Nb3 Rc4 18. c3 c5 19. Nxc5 Bb5 20. Nd3 Ra4 21. Bd4 Be5 22. Bxe5 fxe5 23. Rfe1 Bxd3 24. Rxd3 Rxb2 25. h3 Raxa2 26. Rxe5 Rxf2 27. Re8+ Kg7 28. Rg3+ Kf6 29. Rc8 a5 30. Rxc7 a4 31. Ra7 Rfc2 32. Kh2 Ra1 33. Rf3+ Ke6 34. Rfxf7 a3 35. Rxh7 a2 36. Rh6+ Ke5 37. Rha6 Kf4 38. Ra3 Ke3 39. c4+ Kd4 40. c5 Kxc5 41. R7a4 Kd6 42. Ra5 Rc5 43. Ra6+ Rc6 44. Rxc6+ Kxc6 45. h4 Kd5 46. h5 Ke5 47. Kg3 Kf6 48. Kg4 Re1 49. Rxa2 Re4+ 50. Kh3 Kg5 51. Ra5+ Kh6 52. g4 Re1 53. Ra6+ Kg5 54. Rg6+ Kf4 55. h6 Ra1 56. g5 Kf5 57. Rg7 Ra3+ 58. Kh4 Ra1 59. h7 Rh1+ 60. Kg3 Rh5 61. g6 Rg5+ 62. Kf3 1-0

[Event "GER-ch 89th"]
[Site "Dresden"]
[Date "2018.08.10"]
[Round "8"]
[White "Heimrath, Reiner"]
[Black "Brustkern, Juergen"]
[Result "1-0"]
[WhiteElo "2200"]
[BlackElo "2219"]
[EventDate "2018.08.03"]
[PlyCount "117"]

1. Nf3 f5 2. e4 e5 3. d4 fxe4 4. Nxe5 Nf6 5. Be2 Be7 6. Bh5+ g6 7. Be2 d6 8. Nc4 O-O 9. Bh6 Re8 10. Nc3 c6 11. d5 Na6 12. O-O Nc7 13. Ne3 Bf8 14. Bxf8 Rxf8 15. Qd2 Qe7 16. Rae1 Bd7 17. f3 c5 18. fxe4 b5 19. Bf3 b4 20. Ncd1 Bb5 21. Rf2 Rae8 22. c4 Bd7 23. Nc2 Qe5 24. b3 Kg7 25. Rfe2 Ng4 26. Bxg4 Bxg4 27. Re3 Bxd1 28. Qxd1 Re7 29. Qa1 Ne8 30. a3 a5 31. axb4 axb4 32. Qxe5+ Rxe5 33. Ra1 Nf6 34. Ra6 Nxe4 35. Rxd6 Nd2 36. Rd7+ Kg8 37. h3 Rxe3 38. Nxe3 Nxb3 39. Rc7 h5 40. Rc6 Kg7 41. d6 Rd8 42. Nd5 Kf7 43. Nf4 Nd4 44. Rxc5 Rxd6 45. Rc7+ Kf8 46. Rb7 b3 47. Kf2 h4 48. Ke3 Ke8 49. Nd5 Nf5+ 50. Kd3 Rd7 51. Rxb3 Ra7 52. Rb2 Ra3+ 53. Ke4 Kd7 54. Ke5 Kc6 55. Rb6+ Kc5 56. Rxg6 Nd4 57. Rg4 Nc6+ 58. Kf6 Nd4 59. Nf4 1-0

[Event "GER-ch 89th"]
[Site "Dresden"]
[Date "2018.08.10"]
[Round "8"]
[White "Kvetny, Mark"]
[Black "Reuker, Jari"]
[Result "0-1"]
[WhiteElo "2421"]
[BlackElo "2404"]
[EventDate "2018.08.03"]
[PlyCount "70"]

1. d4 d5 2. c4 e6 3. Nc3 Bb4 4. e3 Nf6 5. Bd3 e5 6. a3 Bxc3+ 7. bxc3 e4 8. Bb1 c6 9. Ne2 O-O 10. O-O Nbd7 11. Ng3 Re8 12. f3 Nb6 13. c5 Nc4 14. fxe4 dxe4 15. Ba2 Be6 16. Qe2 b5 17. cxb6 Nxb6 18. c4 c5 19. d5 Bg4 20. Qe1 Nbd7 21. h3 Bh5 22. Nxh5 Nxh5 23. Rf5 Re5 24. Qf2 g6 25. Rxf7 Nhf6 26. Rxd7 Nxd7 27. Bb2 Rf5 28. Qc2 Qh4 29. Rd1 Raf8 30. Qc3 Ne5 31. Bb1 Rg5 32. Rf1 Rxg2+ 33. Kxg2 Qg5+ 34. Kh2 Rxf1 35. Qxe5 Qg1# 0-1

[Event "GER-ch 89th"]
[Site "Dresden"]
[Date "2018.08.10"]
[Round "8"]
[White "Langrock, Hannes"]
[Black "Gaede, Derek"]
[Result "1-0"]
[WhiteElo "2370"]
[BlackElo "2298"]
[EventDate "2018.08.03"]
[PlyCount "95"]

1. e4 e6 2. d4 d5 3. Nd2 Nf6 4. e5 Nfd7 5. Bd3 c5 6. c3 Nc6 7. Ne2 cxd4 8. cxd4 f6 9. exf6 Nxf6 10. O-O Bd6 11. Nf3 Qc7 12. h3 O-O 13. Be3 Bd7 14. Re1 Rae8 15. Rc1 Qb6 16. Nc3 Ne7 17. Ne5 Bc6 18. Nxc6 bxc6 19. Na4 Qb8 20. b3 e5 21. dxe5 Bxe5 22. Nc5 Ng6 23. Bxg6 hxg6 24. Qc2 Kh7 25. Na6 Qc8 26. Qxc6 Qf5 27. Qc2 Ne4 28. f3 Bd6 29. fxe4 Qe5 30. g3 Qxg3+ 31. Qg2 Rf3 32. Qxg3 Rxg3+ 33. Kf2 Rf8+ 34. Ke2 Rg2+ 35. Kd3 dxe4+ 36. Kxe4 Rxa2 37. Nc5 Re8+ 38. Kd3 Rb2 39. Bd4 Rxe1 40. Rxe1 Rh2 41. Re3 a5 42. Ne6 Kh6 43. Bxg7+ Kh5 44. Be5 Bxe5 45. Rxe5+ Kh4 46. Re3 Rf2 47. Kc4 Rf5 48. Nc5 1-0

[Event "GER-ch 89th"]
[Site "Dresden"]
[Date "2018.08.10"]
[Round "8"]
[White "Plassmann, Dominik"]
[Black "Zude, Arno"]
[Result "1/2-1/2"]
[WhiteElo "2186"]
[BlackElo "2373"]
[EventDate "2018.08.03"]
[PlyCount "82"]

1. e4 e5 2. Nc3 Nf6 3. g3 d5 4. exd5 Nxd5 5. Bg2 Nxc3 6. bxc3 Bc5 7. Nf3 Nc6 8. O-O O-O 9. Re1 Qf6 10. d3 Bg4 11. h3 Bh5 12. g4 Bg6 13. Be3 Bb6 14. Nd2 Rad8 15. Ne4 Qe7 16. Qf3 Qa3 17. Qg3 Bxe4 18. Bxe4 Bxe3 19. Qxe3 Qxc3 20. Rab1 Nd4 21. Rxb7 a5 22. Reb1 Qxc2 23. R1b2 Qc3 24. Qg5 Ne6 25. Qf5 g6 26. Qf6 Nc5 27. Qc6 Nxe4 28. Qxe4 Rxd3 29. R2b3 Qa1+ 30. Kg2 Rd4 31. Qc2 Rd1 32. Rxc7 Rh1 33. Kg3 Qf1 34. Kh4 h6 35. Rcc3 Kg7 36. Rf3 Re8 37. Qc7 Rxh3+ 38. Rxh3 Qxf2+ 39. Rhg3 Qh2+ 40. Rh3 Qf2+ 41. Rhg3 Qh2+ 1/2-1/2

[Event "GER-ch 89th"]
[Site "Dresden"]
[Date "2018.08.10"]
[Round "8"]
[White "Proschmann, Tino"]
[Black "Heinert, Eugen"]
[Result "0-1"]
[WhiteElo "2092"]
[BlackElo "2146"]
[EventDate "2018.08.03"]
[PlyCount "106"]

1. e4 e6 2. d4 d5 3. Nd2 Nf6 4. e5 Nfd7 5. Bd3 c5 6. c3 Nc6 7. Ne2 cxd4 8. cxd4 f6 9. exf6 Nxf6 10. O-O Bd6 11. Nf3 Qc7 12. Bg5 O-O 13. Bh4 Bd7 14. Nc3 a6 15. Re1 Rae8 16. Rc1 Qb8 17. a3 Re7 18. Bg3 Nh5 19. Qc2 h6 20. Bh7+ Kh8 21. Nh4 Be8 22. Bg6 Nxd4 23. Qd3 Nf4 24. Bxf4 Rxf4 25. g3 Rxh4 26. Bxe8 Rxe8 27. gxh4 Bxh2+ 28. Kh1 Be5 29. Qe3 Nc6 30. Qh3 Qd8 31. Rcd1 Qf6 32. Re2 Nd4 33. Ree1 Nf3 34. Re3 Rf8 35. Ne2 Nxh4 36. f4 Bxf4 37. Rxe6 Qf7 38. Qxh4 Qxe6 39. Nxf4 Qe4+ 40. Ng2 Qf3 41. Qd4 Rf5 42. Kg1 h5 43. Rd2 Rg5 44. Rf2 Qh3 45. Qf4 Rg6 46. Qb8+ Kh7 47. Qxb7 Qe6 48. Qb4 Rg4 49. Qd2 h4 50. Re2 Qb6+ 51. Kh1 h3 52. Qd3+ Rg6 53. Nf4 Qg1# 0-1

[Event "GER-ch 89th"]
[Site "Dresden"]
[Date "2018.08.10"]
[Round "8"]
[White "Rehberg, Raphael"]
[Black "Faerber, David"]
[Result "1/2-1/2"]
[WhiteElo "2234"]
[BlackElo "2321"]
[EventDate "2018.08.03"]
[PlyCount "89"]

1. e4 c5 2. Nf3 Nc6 3. Bb5 g6 4. Bxc6 bxc6 5. O-O Bg7 6. Re1 Nh6 7. c3 O-O 8. d4 cxd4 9. cxd4 d5 10. e5 f6 11. Nbd2 fxe5 12. Nxe5 Bxe5 13. dxe5 Qb6 14. Nf3 Nf5 15. Qc2 c5 16. b3 Bb7 17. Ba3 Rac8 18. Rac1 c4 19. Qb2 d4 20. bxc4 Qa6 21. Nd2 Rb8 22. Rb1 Bxg2 23. Qxb8 Rxb8 24. Rxb8+ Kg7 25. Bxe7 Nxe7 26. Kxg2 Qxa2 27. Nf3 Qxc4 28. Rb7 d3 29. h3 Kf8 30. Rb8+ Kg7 31. Reb1 d2 32. Nxd2 Qd5+ 33. Nf3 Nf5 34. R8b4 g5 35. R1b3 Nh4+ 36. Kg3 Nxf3 37. Rxf3 Qxe5+ 38. Kg2 Qd5 39. h4 h6 40. hxg5 hxg5 41. Rg4 Kh6 42. Rgg3 Kh5 43. Kg1 a5 44. Rd3 Qe5 45. Rde3 1/2-1/2